Tabellenendstand der Serie A Saison 2021/2022 - Statistiken

Allgemein
  • Dieses Quiz wurde 222 mal gespielt
  • Das Durchschnittsergebnis liegt bei 9 aus 20
Antwortstatistiken
Punkte Verein % Korrekt
2 84 Inter Mailand
99%
1 86 AC Mailand
96%
4 70 Juventus Turin
91%
3 79 SSC Neapel
88%
5 64 Lazio Rom
79%
6 63 AS Rom
73%
8 59 Atalanta Bergamo
58%
7 62 AC Florenz
56%
11 50 US Sassuolo Calcio
31%
20 27 FC Venedig
29%
12 47 Udinese Calcio
29%
9 53 Hellas Verona
28%
15 36 Sampdoria Genua
27%
18 30 Cagliari Calcio
26%
13 46 FC Bologna
26%
10 50 FC Turin
24%
17 31 US Salernitana
24%
14 41 FC Empoli
20%
16 36 Spezia Calcio
20%
19 28 CFC Genua
13%
Keine übereinstimmenden Quizze gefunden
Verteilung der Resultate
Anzahl Personen mit jedem Resultat
Perzentil nach korrekt beantworteten Fragen
Ihre Resultats-Entwicklung
Sie haben dieses Quiz noch nicht gespielt